000 00354nam a2200145 i 4500
001 bg
100 1 _aSENKARA, T.
245 0 _aObliczenia cieplne pieców grzewczych w hutnictwie /
_cT. Senkara.
250 _aWyd. 3 uzup.
260 _aKatowice,
_c1985.
040 _cBPK
041 _apol
942 _cKS
008 s pl f |000 0 pol
999 _c28112
_d28112
856 _uhttp://koha.tu.koszalin.pl/cgi-bin/koha/opac-detail.pl?biblionumber=28112
_yKatalog online BPK